Mega-Sorting Gallery: Television Quiz Stats

 Plays Quiz not verified by Sporcle

Score 0/100 Timer 10:00
2 Plays Today
% Correct
ABC
98.2%
CBS
98%
Bart
97.6%
NBC
97.4%
Jennifer Aniston
96.7%
Homer
96.7%
Marge
96.6%
Lisa
96.3%
Courteney Cox
96.1%
Matthew Perry
95.9%
Matt LeBlanc
95.7%
David Schwimmer
95.4%
Maggie
95.4%
Lisa Kudrow
95.2%
Jerry Seinfeld
94.9%
The Next Generation
93.8%
Cindy
93.1%
Carol
93%
Deep Space Nine
92.1%
Alice
92%
Jan
92%
Greg
91.9%
Marcia
91.9%
Voyager
91.8%
Mike
91.8%
Mr. Krabs
91.7%
Squidward Tentacles
91.4%
Peter
91.3%
Bobby
90.7%
American Idol
90.6%
Enterprise
90.5%
George Costanza
90.4%
Orange is the New Black
90.3%
The Apprentice
90.2%
% Correct
The Original Series
90.2%
Wheel of Fortune
89.5%
The Big Bang Theory
89.5%
Cosmo Kramer
89.4%
Gary the Snail
88.8%
Elaine Benes
88.7%
Stranger Things
88.4%
Plankton
88.1%
Big Brother
87.6%
Family Feud
87.5%
House of Cards
87.4%
13 Reasons Why
87%
Larry the Lobster
86.8%
Survivor
86.4%
30 Rock
85.7%
Barney Stinson
85.7%
Discovery
85.6%
Patrick Star
85.6%
Modern Family
85.4%
Eric Cartman
85.3%
M*A*S*H Finale
84.2%
Breaking Bad
84.1%
The West Wing
84.1%
Law & Order
83.8%
Kenny McCormick
83.5%
Curb Your Enthusiasm
82.8%
Sandy Cheeks
82.5%
The Sopranos
82.3%
Drogon
82.1%
Michael Scott
81.7%
Kyle Broflovski
81.2%
L.A. Law
79.3%
Glenn Quagmire
79%
Rhaegal
78.9%
% Correct
The Animated Series
78.2%
Robin Scherbatsky
78%
Mad Men
78%
The Crown
77.7%
Hello Kitty
77.1%
Bubbles
77%
Stan Marsh
76.9%
Fuller House
76.8%
Jersey Shore
76.5%
Ted Mosby
76.4%
Marshall Eriksen
76.2%
Lily Aldrin
75.5%
Dil Pickles
74.7%
ER
73.5%
Viserion
73.2%
Narcos
72%
BoJack Horseman
71.2%
Veep
69.5%
Lost
68.1%
Mrs. Puff
66.4%
Joe Swanson
66%
Rick Grimes
63.9%
Daryl Dixon
63.2%
Harley Quinn
62.6%
Timmy Turner
61.5%
Raven
61.2%
Twilight Sparkle
60.5%
Iron Fist
58.8%
Cagney & Lacey
54.9%
Girls
53.7%
Big Mouth
49.7%
Ben Tennyson
35.7%

You're not logged in!

Compare scores with friends on all Sporcle quizzes.
OR
Log In

Show Comments

Extras

Top Quizzes Today


Score Distribution

Your Account Isn't Verified!

In order to create a playlist on Sporcle, you need to verify the email address you used during registration. Go to your Sporcle Settings to finish the process.

Report this User

Report this user for behavior that violates our Community Guidelines.

Details: